[Event "April 9 Early 2024"]
[Site "Chess.com"]
[Date "2024.04.09"]
[Round "1"]
[White "Fontaine, Quentin"]
[Black "Samunenkov, Ihor"]
[Result "0-1"]
[Board "111"]
[WhiteFideId "230804"]
[BlackFideId "14187086"]
[WhiteTitle "FM"]
[BlackTitle "GM"]
[WhiteElo "2467"]
[BlackElo "2799"]
[WhiteTeam "BEL"]
[BlackTeam "UKR"]
[WhiteClock "0:00:46"]
[BlackClock "0:01:26"]
[Variant "Standard"]

1. d4 {[%clk 0:03:00]}  d5 {[%clk 0:02:58]} 2. c4 {[%clk 0:03:00]}  e6 {[%clk 0:02:58]} 3. cxd5 {[%clk 0:03:00]}  exd5 {[%clk 0:02:58]} 4. Nc3 {[%clk 0:03:01]}  c6 {[%clk 0:02:55]} 5. Bf4 {[%clk 0:03:02]}  Nf6 {[%clk 0:02:51]} 6. e3 {[%clk 0:03:01]}  Bf5 {[%clk 0:02:51]} 7. Nge2 {[%clk 0:03:02]}  Bd6 {[%clk 0:02:49]} 8. Bxd6 {[%clk 0:03:01]}  Qxd6 {[%clk 0:02:50]} 9. Ng3 {[%clk 0:03:02]}  Bg6 {[%clk 0:02:50]} 10. h4 {[%clk 0:03:02]}  h6 {[%clk 0:02:48]} 11. h5 {[%clk 0:03:03]}  Bh7 {[%clk 0:02:47]} 12. Bd3 {[%clk 0:03:03]}  Nbd7 {[%clk 0:02:31]} 13. Bxh7 {[%clk 0:03:03]}  Nxh7 {[%clk 0:02:31]} 14. Nf5 {[%clk 0:02:59]}  Qf6 {[%clk 0:02:31]} 15. g4 {[%clk 0:02:51]}  O-O-O {[%clk 0:02:08]} 16. Qc2 {[%clk 0:02:43]}  Nb6 {[%clk 0:02:05]} 17. O-O-O {[%clk 0:02:39]}  Rhe8 {[%clk 0:01:56]} 18. Kb1 {[%clk 0:02:32]}  Ng5 {[%clk 0:01:56]} 19. Rc1 {[%clk 0:02:25]}  Kb8 {[%clk 0:01:54]} 20. b3 {[%clk 0:02:23]}  Nc8 {[%clk 0:01:47]} 21. Na4 {[%clk 0:02:18]}  Ne4 {[%clk 0:01:39]} 22. f3 {[%clk 0:02:15]}  Ned6 {[%clk 0:01:39]} 23. Qh2 {[%clk 0:01:50]}  Ka8 {[%clk 0:01:36]} 24. Qf4 {[%clk 0:01:49]}  Nxf5 {[%clk 0:01:31]} 25. gxf5 {[%clk 0:01:48]}  Nd6 {[%clk 0:01:31]} 26. Rhe1 {[%clk 0:00:57]}  Qxf5+ {[%clk 0:01:27]} 27. Qxf5 {[%clk 0:00:51]}  Nxf5 {[%clk 0:01:27]} 28. Rc3 {[%clk 0:00:46]}  Nxd4 {[%clk 0:01:26]} 0-1

[Event "April 9 Early 2024"]
[Site "Chess.com"]
[Date "2024.04.09"]
[Round "1"]
[White "Melikhov, Evgeny V."]
[Black "Matinian, Nikita"]
[Result "0-1"]
[Board "113"]
[WhiteFideId "4122046"]
[BlackFideId "24129100"]
[WhiteTitle "FM"]
[BlackTitle "GM"]
[WhiteElo "2461"]
[BlackElo "2790"]
[WhiteTeam "GRE"]
[BlackTeam "FID"]
[WhiteClock "0:00:00"]
[BlackClock "0:00:15"]
[Variant "Standard"]

1. d4 {[%clk 0:03:00]}  Nf6 {[%clk 0:02:59]} 2. c4 {[%clk 0:03:00]}  g6 {[%clk 0:02:58]} 3. Nc3 {[%clk 0:02:59]}  d5 {[%clk 0:02:58]} 4. cxd5 {[%clk 0:02:58]}  Nxd5 {[%clk 0:02:59]} 5. e4 {[%clk 0:02:58]}  Nxc3 {[%clk 0:02:59]} 6. bxc3 {[%clk 0:02:59]}  Bg7 {[%clk 0:03:00]} 7. Bc4 {[%clk 0:02:57]}  c5 {[%clk 0:02:58]} 8. Ne2 {[%clk 0:02:57]}  O-O {[%clk 0:02:57]} 9. Be3 {[%clk 0:02:56]}  Nc6 {[%clk 0:02:58]} 10. h4 {[%clk 0:02:54]}  Qa5 {[%clk 0:02:51]} 11. O-O {[%clk 0:02:45]}  Rd8 {[%clk 0:02:41]} 12. d5 {[%clk 0:02:24]}  Ne5 {[%clk 0:02:39]} 13. Bb3 {[%clk 0:02:22]}  c4 {[%clk 0:02:19]} 14. Bc2 {[%clk 0:02:21]}  b6 {[%clk 0:02:18]} 15. Qd2 {[%clk 0:02:18]}  Ba6 {[%clk 0:02:17]} 16. Bd4 {[%clk 0:02:07]}  e6 {[%clk 0:02:05]} 17. f4 {[%clk 0:01:24]}  Nd3 {[%clk 0:02:05]} 18. Bxg7 {[%clk 0:01:23]}  Kxg7 {[%clk 0:02:05]} 19. dxe6 {[%clk 0:00:56]}  fxe6 {[%clk 0:01:58]} 20. Qe3 {[%clk 0:00:46]}  Rd7 {[%clk 0:01:39]} 21. f5 {[%clk 0:00:39]}  exf5 {[%clk 0:01:39]} 22. exf5 {[%clk 0:00:39]}  Qe5 {[%clk 0:01:29]} 23. Qxe5+ {[%clk 0:00:35]}  Nxe5 {[%clk 0:01:30]} 24. Nd4 {[%clk 0:00:33]}  Ng4 {[%clk 0:01:13]} 25. Rae1 {[%clk 0:00:30]}  Rf7 {[%clk 0:00:47]} 26. Ne6+ {[%clk 0:00:24]}  Kh6 {[%clk 0:00:45]} 27. Ng5 {[%clk 0:00:18]}  Rd7 {[%clk 0:00:35]} 28. f6 {[%clk 0:00:15]}  Rf8 {[%clk 0:00:28]} 29. Re7 {[%clk 0:00:14]}  Rxe7 {[%clk 0:00:27]} 30. fxe7 {[%clk 0:00:14]}  Rxf1+ {[%clk 0:00:28]} 31. Kxf1 {[%clk 0:00:14]}  Nf6 {[%clk 0:00:29]} 32. Ba4 {[%clk 0:00:11]}  b5 {[%clk 0:00:29]} 33. Bd1 {[%clk 0:00:11]}  Kg7 {[%clk 0:00:28]} 34. Bf3 {[%clk 0:00:10]}  b4 {[%clk 0:00:25]} 35. Bc6 {[%clk 0:00:09]}  bxc3 {[%clk 0:00:23]} 36. Ke2 {[%clk 0:00:08]}  h6 {[%clk 0:00:19]} 37. Ne4 {[%clk 0:00:02]}  c2 {[%clk 0:00:18]} 38. Kd2 {[%clk 0:00:01]}  Nxe4+ {[%clk 0:00:18]} 39. Bxe4 {[%clk 0:00:00]}  Bb5 {[%clk 0:00:15]} 0-1

[Event "April 9 Early 2024"]
[Site "Chess.com"]
[Date "2024.04.09"]
[Round "1"]
[White "Morris-Suzuki, Alan H"]
[Black "Finek, Vaclav"]
[Result "0-1"]
[Board "115"]
[WhiteFideId "30933218"]
[BlackFideId "23718293"]
[BlackTitle "IM"]
[WhiteElo "2459"]
[BlackElo "2789"]
[WhiteTeam "USA"]
[BlackTeam "CZE"]
[WhiteClock "0:00:01"]
[BlackClock "0:00:32"]
[Variant "Standard"]

1. Nf3 {[%clk 0:02:58]}  Nf6 {[%clk 0:02:59]} 2. c4 {[%clk 0:02:57]}  c6 {[%clk 0:02:57]} 3. Nc3 {[%clk 0:02:57]}  d5 {[%clk 0:02:57]} 4. e3 {[%clk 0:02:57]}  e6 {[%clk 0:02:57]} 5. b3 {[%clk 0:02:56]}  Nbd7 {[%clk 0:02:57]} 6. Bb2 {[%clk 0:02:57]}  Bd6 {[%clk 0:02:57]} 7. Qc2 {[%clk 0:02:57]}  O-O {[%clk 0:02:54]} 8. Rg1 {[%clk 0:02:57]}  e5 {[%clk 0:02:54]} 9. cxd5 {[%clk 0:02:56]}  cxd5 {[%clk 0:02:54]} 10. Nb5 {[%clk 0:02:50]}  Bb8 {[%clk 0:02:52]} 11. Rc1 {[%clk 0:02:50]}  e4 {[%clk 0:02:50]} 12. Nfd4 {[%clk 0:02:45]}  Bxh2 {[%clk 0:02:47]} 13. Rh1 {[%clk 0:02:42]}  Be5 {[%clk 0:02:47]} 14. Ba3 {[%clk 0:02:06]}  Re8 {[%clk 0:02:41]} 15. Nd6 {[%clk 0:01:48]}  Bxd6 {[%clk 0:02:34]} 16. Bxd6 {[%clk 0:01:49]}  Ne5 {[%clk 0:02:34]} 17. Bc7 {[%clk 0:01:45]}  Qe7 {[%clk 0:02:26]} 18. f4 {[%clk 0:00:57]}  Ng6 {[%clk 0:01:28]} 19. Nb5 {[%clk 0:00:38]}  Bd7 {[%clk 0:00:44]} 20. Nd6 {[%clk 0:00:31]}  Rf8 {[%clk 0:00:44]} 21. Nxb7 {[%clk 0:00:27]}  Rfc8 {[%clk 0:00:43]} 22. Nd6 {[%clk 0:00:23]}  Rf8 {[%clk 0:00:42]} 23. Ba6 {[%clk 0:00:18]}  Ne8 {[%clk 0:00:37]} 24. Nxe8 {[%clk 0:00:14]}  Raxe8 {[%clk 0:00:37]} 25. Bb7 {[%clk 0:00:09]}  Qe6 {[%clk 0:00:36]} 26. Qc5 {[%clk 0:00:05]}  Qg4 {[%clk 0:00:36]} 27. Rg1 {[%clk 0:00:03]}  Nh4 {[%clk 0:00:34]} 28. Bxd5 {[%clk 0:00:01]}  Nxg2+ {[%clk 0:00:32]} 29. Kf2 {[%clk 0:00:01]}  Qf3# {[%clk 0:00:32]} 0-1

[Event "April 9 Early 2024"]
[Site "Chess.com"]
[Date "2024.04.09"]
[Round "1"]
[White "Krivenko, Dion"]
[Black "Mikaelyan, Arman"]
[Result "0-1"]
[Board "117"]
[WhiteFideId "4508378"]
[BlackFideId "13304852"]
[WhiteTitle "CM"]
[BlackTitle "GM"]
[WhiteElo "2456"]
[BlackElo "2786"]
[WhiteTeam "EST"]
[BlackTeam "ARM"]
[WhiteClock "0:00:30"]
[BlackClock "0:01:19"]
[Variant "Standard"]

1. Nc3 {[%clk 0:02:55]}  g6 {[%clk 0:02:52]} 2. e4 {[%clk 0:02:54]}  Bg7 {[%clk 0:02:50]} 3. h4 {[%clk 0:02:54]}  h6 {[%clk 0:02:46]} 4. h5 {[%clk 0:02:52]}  g5 {[%clk 0:02:46]} 5. d4 {[%clk 0:02:49]}  d6 {[%clk 0:02:42]} 6. f4 {[%clk 0:02:44]}  gxf4 {[%clk 0:02:43]} 7. Bxf4 {[%clk 0:02:45]}  Nc6 {[%clk 0:02:44]} 8. Be3 {[%clk 0:02:40]}  e5 {[%clk 0:02:39]} 9. d5 {[%clk 0:02:39]}  Nd4 {[%clk 0:02:39]} 10. Nf3 {[%clk 0:02:32]}  Bg4 {[%clk 0:02:36]} 11. Bxd4 {[%clk 0:02:31]}  exd4 {[%clk 0:02:34]} 12. Bb5+ {[%clk 0:02:27]}  Kf8 {[%clk 0:02:29]} 13. Ne2 {[%clk 0:02:26]}  c6 {[%clk 0:02:14]} 14. Bc4 {[%clk 0:02:18]}  b5 {[%clk 0:02:12]} 15. Bd3 {[%clk 0:01:57]}  c5 {[%clk 0:02:12]} 16. c3 {[%clk 0:01:57]}  c4 {[%clk 0:02:11]} 17. Bb1 {[%clk 0:01:55]}  d3 {[%clk 0:02:11]} 18. Ned4 {[%clk 0:01:55]}  Nf6 {[%clk 0:02:07]} 19. Nxb5 {[%clk 0:01:37]}  Nxe4 {[%clk 0:02:05]} 20. O-O {[%clk 0:01:29]}  Qb6+ {[%clk 0:02:02]} 21. Nbd4 {[%clk 0:01:29]}  Qxb2 {[%clk 0:01:49]} 22. Bxd3 {[%clk 0:01:27]}  Nxc3 {[%clk 0:01:36]} 23. Qc1 {[%clk 0:01:06]}  Qxc1 {[%clk 0:01:31]} 24. Raxc1 {[%clk 0:01:05]}  Bxf3 {[%clk 0:01:24]} 25. Ne6+ {[%clk 0:00:49]}  fxe6 {[%clk 0:01:22]} 26. Rxf3+ {[%clk 0:00:49]}  Ke7 {[%clk 0:01:21]} 27. Bxc4 {[%clk 0:00:40]}  Rac8 {[%clk 0:01:20]} 28. Bb3 {[%clk 0:00:30]}  Ne2+ {[%clk 0:01:19]} 0-1

[Event "April 9 Early 2024"]
[Site "Chess.com"]
[Date "2024.04.09"]
[Round "1"]
[White "Damjanovic, Vuk"]
[Black "Kovalevsky, Stanislav"]
[Result "0-1"]
[Board "118"]
[WhiteFideId "980021"]
[BlackFideId "13508598"]
[WhiteTitle "IM"]
[BlackTitle "FM"]
[WhiteElo "2784"]
[BlackElo "2456"]
[WhiteTeam "SRB"]
[BlackTeam "FID"]
[WhiteClock "0:00:04"]
[BlackClock "0:00:13"]
[Variant "Standard"]

1. e4 {[%clk 0:03:00]}  c6 {[%clk 0:03:00]} 2. d4 {[%clk 0:02:59]}  d5 {[%clk 0:03:01]} 3. Nc3 {[%clk 0:02:58]}  dxe4 {[%clk 0:03:01]} 4. Nxe4 {[%clk 0:02:59]}  Nf6 {[%clk 0:03:02]} 5. Nxf6+ {[%clk 0:02:59]}  exf6 {[%clk 0:03:03]} 6. Be3 {[%clk 0:02:59]}  Qb6 {[%clk 0:03:02]} 7. Qe2 {[%clk 0:02:54]}  Be6 {[%clk 0:02:55]} 8. c3 {[%clk 0:02:43]}  Qa6 {[%clk 0:02:52]} 9. Qc2 {[%clk 0:02:24]}  Bc4 {[%clk 0:02:48]} 10. Bxc4 {[%clk 0:02:12]}  Qxc4 {[%clk 0:02:49]} 11. Qe2 {[%clk 0:02:10]}  Qxe2+ {[%clk 0:02:47]} 12. Nxe2 {[%clk 0:02:10]}  Nd7 {[%clk 0:02:47]} 13. O-O-O {[%clk 0:02:09]}  O-O-O {[%clk 0:02:47]} 14. Rhe1 {[%clk 0:02:09]}  Bd6 {[%clk 0:02:45]} 15. Bf4 {[%clk 0:02:06]}  Kc7 {[%clk 0:02:43]} 16. Bxd6+ {[%clk 0:02:00]}  Kxd6 {[%clk 0:02:44]} 17. Ng3 {[%clk 0:02:01]}  g6 {[%clk 0:02:34]} 18. Ne4+ {[%clk 0:01:58]}  Kc7 {[%clk 0:02:34]} 19. Re3 {[%clk 0:01:59]}  Rhe8 {[%clk 0:02:27]} 20. Rde1 {[%clk 0:01:55]}  Re6 {[%clk 0:02:26]} 21. Nd2 {[%clk 0:01:40]}  Rde8 {[%clk 0:02:26]} 22. Nf1 {[%clk 0:01:40]}  Nb6 {[%clk 0:02:24]} 23. Rxe6 {[%clk 0:01:35]}  Rxe6 {[%clk 0:02:23]} 24. Ne3 {[%clk 0:01:30]}  Nd5 {[%clk 0:02:14]} 25. Kd2 {[%clk 0:01:22]}  b5 {[%clk 0:02:10]} 26. Nxd5+ {[%clk 0:01:10]}  cxd5 {[%clk 0:02:10]} 27. g4 {[%clk 0:01:10]}  Kd7 {[%clk 0:02:07]} 28. Re3 {[%clk 0:01:10]}  Ra6 {[%clk 0:01:57]} 29. a3 {[%clk 0:01:08]}  Re6 {[%clk 0:01:56]} 30. Rh3 {[%clk 0:01:06]}  a5 {[%clk 0:01:24]} 31. Rxh7 {[%clk 0:01:05]}  Ke7 {[%clk 0:01:24]} 32. Rh8 {[%clk 0:00:59]}  b4 {[%clk 0:01:25]} 33. Rb8 {[%clk 0:00:54]}  bxa3 {[%clk 0:01:23]} 34. bxa3 {[%clk 0:00:54]}  Ra6 {[%clk 0:01:18]} 35. a4 {[%clk 0:00:53]}  Ra7 {[%clk 0:01:13]} 36. Rb6 {[%clk 0:00:51]}  Ra8 {[%clk 0:01:09]} 37. h3 {[%clk 0:00:36]}  Rh8 {[%clk 0:01:05]} 38. Rb5 {[%clk 0:00:36]}  Rxh3 {[%clk 0:01:05]} 39. Rxd5 {[%clk 0:00:35]}  Rf3 {[%clk 0:01:05]} 40. Rxa5 {[%clk 0:00:32]}  Rxf2+ {[%clk 0:01:05]} 41. Ke3 {[%clk 0:00:28]}  Rg2 {[%clk 0:01:02]} 42. Kf3 {[%clk 0:00:26]}  Rc2 {[%clk 0:00:49]} 43. Rc5 {[%clk 0:00:24]}  Kd6 {[%clk 0:00:49]} 44. a5 {[%clk 0:00:19]}  Ra2 {[%clk 0:00:49]} 45. Ke4 {[%clk 0:00:19]}  Re2+ {[%clk 0:00:47]} 46. Kd3 {[%clk 0:00:19]}  Ra2 {[%clk 0:00:45]} 47. Kc4 {[%clk 0:00:13]}  Ke6 {[%clk 0:00:25]} 48. Rc6+ {[%clk 0:00:11]}  Ke7 {[%clk 0:00:25]} 49. a6 {[%clk 0:00:11]}  f5 {[%clk 0:00:24]} 50. gxf5 {[%clk 0:00:12]}  gxf5 {[%clk 0:00:24]} 51. Rc7+ {[%clk 0:00:07]}  Ke6 {[%clk 0:00:20]} 52. Rc6+ {[%clk 0:00:05]}  Kd7 {[%clk 0:00:19]} 53. Rf6 {[%clk 0:00:04]}  Ke7 {[%clk 0:00:20]} 54. Rb6 {[%clk 0:00:05]}  f4 {[%clk 0:00:19]} 55. Kd3 {[%clk 0:00:06]}  f3 {[%clk 0:00:19]} 56. Rb7+ {[%clk 0:00:02]}  Ke6 {[%clk 0:00:18]} 57. a7 {[%clk 0:00:02]}  f2 {[%clk 0:00:18]} 58. Rb1 {[%clk 0:00:02]}  Rxa7 {[%clk 0:00:17]} 59. Rf1 {[%clk 0:00:03]}  Ra2 {[%clk 0:00:18]} 60. c4 {[%clk 0:00:03]}  f5 {[%clk 0:00:17]} 61. Ke3 {[%clk 0:00:02]}  Rc2 {[%clk 0:00:16]} 62. Kd3 {[%clk 0:00:02]}  Ra2 {[%clk 0:00:16]} 63. Kc3 {[%clk 0:00:02]}  f4 {[%clk 0:00:16]} 64. Kb3 {[%clk 0:00:02]}  Re2 {[%clk 0:00:15]} 65. Kb4 {[%clk 0:00:01]}  Kf5 {[%clk 0:00:15]} 66. Kc5 {[%clk 0:00:02]}  Kg4 {[%clk 0:00:15]} 67. d5 {[%clk 0:00:02]}  Kg3 {[%clk 0:00:15]} 68. Kd6 {[%clk 0:00:03]}  Kg2 {[%clk 0:00:15]} 69. Rc1 {[%clk 0:00:01]}  f1=Q {[%clk 0:00:15]} 70. Rxf1 {[%clk 0:00:02]}  Kxf1 {[%clk 0:00:16]} 71. c5 {[%clk 0:00:02]}  f3 {[%clk 0:00:15]} 72. c6 {[%clk 0:00:02]}  f2 {[%clk 0:00:16]} 73. Kc7 {[%clk 0:00:03]}  Rd2 {[%clk 0:00:15]} 74. d6 {[%clk 0:00:04]}  Kg2 {[%clk 0:00:15]} 75. d7 {[%clk 0:00:05]}  f1=Q {[%clk 0:00:14]} 76. d8=Q {[%clk 0:00:06]}  Qf4+ {[%clk 0:00:13]} 77. Qd6 {[%clk 0:00:04]}  Qxd6+ {[%clk 0:00:13]} 0-1

[Event "April 9 Early 2024"]
[Site "Chess.com"]
[Date "2024.04.09"]
[Round "1"]
[White "Marin Ferragut, Pau"]
[Black "Salgado Lopez, Ivan"]
[Result "1-0"]
[Board "119"]
[WhiteFideId "54716020"]
[BlackFideId "2257327"]
[WhiteTitle "CM"]
[BlackTitle "GM"]
[WhiteElo "2451"]
[BlackElo "2783"]
[WhiteTeam "ESP"]
[BlackTeam "ESP"]
[WhiteClock "0:00:03"]
[BlackClock "0:00:01"]
[Variant "Standard"]

1. e4 {[%clk 0:03:00]}  c6 {[%clk 0:02:58]} 2. d4 {[%clk 0:02:57]}  d5 {[%clk 0:02:59]} 3. exd5 {[%clk 0:02:58]}  cxd5 {[%clk 0:02:59]} 4. Bd3 {[%clk 0:02:58]}  Nc6 {[%clk 0:02:59]} 5. c3 {[%clk 0:02:58]}  Nf6 {[%clk 0:02:59]} 6. h3 {[%clk 0:02:59]}  e5 {[%clk 0:03:00]} 7. dxe5 {[%clk 0:02:58]}  Nxe5 {[%clk 0:03:00]} 8. Nf3 {[%clk 0:02:56]}  Nxd3+ {[%clk 0:03:00]} 9. Qxd3 {[%clk 0:02:57]}  Bd6 {[%clk 0:03:00]} 10. O-O {[%clk 0:02:57]}  O-O {[%clk 0:03:00]} 11. Bg5 {[%clk 0:02:56]}  h6 {[%clk 0:02:59]} 12. Be3 {[%clk 0:02:51]}  Be6 {[%clk 0:02:50]} 13. Nbd2 {[%clk 0:02:48]}  Re8 {[%clk 0:02:49]} 14. Nd4 {[%clk 0:02:48]}  Bd7 {[%clk 0:02:44]} 15. N2f3 {[%clk 0:02:40]}  a5 {[%clk 0:02:42]} 16. Rad1 {[%clk 0:02:39]}  Ra6 {[%clk 0:02:41]} 17. Rfe1 {[%clk 0:02:39]}  Bb8 {[%clk 0:02:39]} 18. Ne2 {[%clk 0:02:36]}  Qc8 {[%clk 0:02:33]} 19. Ng3 {[%clk 0:02:31]}  b5 {[%clk 0:02:13]} 20. Bd4 {[%clk 0:02:21]}  Bxg3 {[%clk 0:02:02]} 21. fxg3 {[%clk 0:02:20]}  Ne4 {[%clk 0:02:02]} 22. g4 {[%clk 0:02:17]}  Rae6 {[%clk 0:01:59]} 23. Bf2 {[%clk 0:02:13]}  Bc6 {[%clk 0:01:27]} 24. Nd4 {[%clk 0:02:09]}  Rf6 {[%clk 0:01:22]} 25. Rf1 {[%clk 0:01:59]}  Qb7 {[%clk 0:01:11]} 26. Bh4 {[%clk 0:01:57]}  Rxf1+ {[%clk 0:01:09]} 27. Rxf1 {[%clk 0:01:58]}  Bd7 {[%clk 0:01:08]} 28. Nf5 {[%clk 0:01:53]}  Qb6+ {[%clk 0:01:04]} 29. Kh2 {[%clk 0:01:51]}  Bxf5 {[%clk 0:01:02]} 30. Rxf5 {[%clk 0:01:49]}  Qd6+ {[%clk 0:01:02]} 31. Bg3 {[%clk 0:01:46]}  Nxg3 {[%clk 0:00:58]} 32. Qxg3 {[%clk 0:01:47]}  Qxg3+ {[%clk 0:00:55]} 33. Kxg3 {[%clk 0:01:48]}  Re2 {[%clk 0:00:56]} 34. Rf2 {[%clk 0:01:48]}  Re3+ {[%clk 0:00:51]} 35. Kf4 {[%clk 0:01:47]}  Re4+ {[%clk 0:00:50]} 36. Kf3 {[%clk 0:01:47]}  b4 {[%clk 0:00:47]} 37. Rd2 {[%clk 0:01:44]}  bxc3 {[%clk 0:00:47]} 38. bxc3 {[%clk 0:01:44]}  Rc4 {[%clk 0:00:46]} 39. Rxd5 {[%clk 0:01:44]}  Rxc3+ {[%clk 0:00:46]} 40. Ke4 {[%clk 0:01:30]}  Ra3 {[%clk 0:00:46]} 41. Rd2 {[%clk 0:01:30]}  Kh7 {[%clk 0:00:43]} 42. Kd4 {[%clk 0:01:29]}  Kg6 {[%clk 0:00:43]} 43. Ke4 {[%clk 0:01:08]}  Kg5 {[%clk 0:00:35]} 44. Rf2 {[%clk 0:00:48]}  f6 {[%clk 0:00:30]} 45. Rb2 {[%clk 0:00:26]}  Kh4 {[%clk 0:00:24]} 46. Kf4 {[%clk 0:00:26]}  Ra4+ {[%clk 0:00:15]} 47. Kf3 {[%clk 0:00:23]}  Kg5 {[%clk 0:00:15]} 48. Kg3 {[%clk 0:00:20]}  Ra3+ {[%clk 0:00:14]} 49. Kh2 {[%clk 0:00:19]}  Kf4 {[%clk 0:00:14]} 50. Rb7 {[%clk 0:00:15]}  g5 {[%clk 0:00:12]} 51. Rb6 {[%clk 0:00:13]}  Ke5 {[%clk 0:00:12]} 52. Rb5+ {[%clk 0:00:13]}  Ke6 {[%clk 0:00:12]} 53. Rb6+ {[%clk 0:00:13]}  Kf7 {[%clk 0:00:12]} 54. Rb7+ {[%clk 0:00:13]}  Kg6 {[%clk 0:00:13]} 55. Rb2 {[%clk 0:00:13]}  a4 {[%clk 0:00:13]} 56. g3 {[%clk 0:00:11]}  h5 {[%clk 0:00:12]} 57. gxh5+ {[%clk 0:00:11]}  Kxh5 {[%clk 0:00:13]} 58. g4+ {[%clk 0:00:11]}  Kg6 {[%clk 0:00:13]} 59. Kg2 {[%clk 0:00:12]}  Kf7 {[%clk 0:00:13]} 60. Rb7+ {[%clk 0:00:09]}  Ke6 {[%clk 0:00:13]} 61. Rb6+ {[%clk 0:00:10]}  Ke5 {[%clk 0:00:14]} 62. Rb5+ {[%clk 0:00:10]}  Kd4 {[%clk 0:00:13]} 63. Rf5 {[%clk 0:00:05]}  Rxa2+ {[%clk 0:00:13]} 64. Kg3 {[%clk 0:00:06]}  Ra3+ {[%clk 0:00:13]} 65. Kg2 {[%clk 0:00:05]}  Rb3 {[%clk 0:00:08]} 66. Rxf6 {[%clk 0:00:05]}  Kc3 {[%clk 0:00:08]} 67. Rf5 {[%clk 0:00:04]}  a3 {[%clk 0:00:06]} 68. Rxg5 {[%clk 0:00:04]}  a2 {[%clk 0:00:06]} 69. Ra5 {[%clk 0:00:04]}  Kb2 {[%clk 0:00:07]} 70. Rxa2+ {[%clk 0:00:05]}  Kxa2 {[%clk 0:00:07]} 71. g5 {[%clk 0:00:05]}  Ka3 {[%clk 0:00:05]} 72. h4 {[%clk 0:00:05]}  Kb4 {[%clk 0:00:05]} 73. g6 {[%clk 0:00:05]}  Kc5 {[%clk 0:00:04]} 74. h5 {[%clk 0:00:04]}  Rb6 {[%clk 0:00:01]} 75. g7 {[%clk 0:00:03]}  Rb8 {[%clk 0:00:02]} 76. h6 {[%clk 0:00:03]}  Rg8 {[%clk 0:00:02]} 77. Kh3 {[%clk 0:00:02]}  Kd6 {[%clk 0:00:01]} 78. h7 {[%clk 0:00:03]} 1-0

[Event "April 9 Early 2024"]
[Site "Chess.com"]
[Date "2024.04.09"]
[Round "1"]
[White "Haug, Havard"]
[Black "Padmini, Rout"]
[Result "1-0"]
[Board "120"]
[WhiteFideId "1547887"]
[BlackFideId "5029295"]
[WhiteTitle "FM"]
[BlackTitle "IM"]
[WhiteElo "2783"]
[BlackElo "2449"]
[WhiteTeam "NOR"]
[BlackTeam "IND"]
[WhiteClock "0:00:05"]
[BlackClock "0:00:00"]
[Variant "Standard"]

1. e4 {[%clk 0:03:00]}  e5 {[%clk 0:02:56]} 2. Nc3 {[%clk 0:02:58]}  Nf6 {[%clk 0:02:53]} 3. Bc4 {[%clk 0:02:58]}  c6 {[%clk 0:02:51]} 4. Nf3 {[%clk 0:02:56]}  d6 {[%clk 0:02:46]} 5. a4 {[%clk 0:02:55]}  Be7 {[%clk 0:02:43]} 6. O-O {[%clk 0:02:55]}  O-O {[%clk 0:02:43]} 7. d3 {[%clk 0:02:50]}  Bg4 {[%clk 0:02:38]} 8. h3 {[%clk 0:02:50]}  Bh5 {[%clk 0:02:38]} 9. Bg5 {[%clk 0:02:49]}  Nbd7 {[%clk 0:02:36]} 10. g4 {[%clk 0:02:37]}  Nxg4 {[%clk 0:02:21]} 11. hxg4 {[%clk 0:02:33]}  Bxg4 {[%clk 0:02:21]} 12. Bxe7 {[%clk 0:02:25]}  Qxe7 {[%clk 0:02:22]} 13. Kg2 {[%clk 0:02:25]}  Kh8 {[%clk 0:02:11]} 14. Qd2 {[%clk 0:02:07]}  f5 {[%clk 0:02:02]} 15. Nh2 {[%clk 0:02:03]}  Bh5 {[%clk 0:01:55]} 16. f3 {[%clk 0:02:00]}  Rf6 {[%clk 0:01:48]} 17. Rg1 {[%clk 0:01:44]}  Raf8 {[%clk 0:01:45]} 18. Raf1 {[%clk 0:01:33]}  fxe4 {[%clk 0:01:31]} 19. fxe4 {[%clk 0:01:29]}  Rf4 {[%clk 0:01:25]} 20. Rxf4 {[%clk 0:01:21]}  exf4 {[%clk 0:01:25]} 21. Qf2 {[%clk 0:01:02]}  Ne5 {[%clk 0:01:01]} 22. Bb3 {[%clk 0:00:56]}  g5 {[%clk 0:00:48]} 23. d4 {[%clk 0:00:48]}  g4 {[%clk 0:00:22]} 24. dxe5 {[%clk 0:00:37]}  g3 {[%clk 0:00:21]} 25. exd6 {[%clk 0:00:14]}  Qxd6 {[%clk 0:00:20]} 26. e5 {[%clk 0:00:09]}  Qxe5 {[%clk 0:00:11]} 27. Re1 {[%clk 0:00:08]}  Qg7 {[%clk 0:00:06]} 28. Qc5 {[%clk 0:00:04]}  f3+ {[%clk 0:00:07]} 29. Nxf3 {[%clk 0:00:05]}  Bxf3+ {[%clk 0:00:07]} 30. Kg1 {[%clk 0:00:05]}  Qh6 {[%clk 0:00:08]} 31. Qe5+ {[%clk 0:00:05]}  Rf6 {[%clk 0:00:05]} 32. Qe8+ {[%clk 0:00:05]}  Rf8 {[%clk 0:00:05]} 33. Qe5+ {[%clk 0:00:05]}  Rf6 {[%clk 0:00:06]} 34. Qxg3 {[%clk 0:00:04]}  Rg6 {[%clk 0:00:05]} 35. Re8+ {[%clk 0:00:03]}  Kg7 {[%clk 0:00:05]} 36. Rg8+ {[%clk 0:00:04]}  Kf6 {[%clk 0:00:06]} 37. Rxg6+ {[%clk 0:00:05]}  hxg6 {[%clk 0:00:00]} 38. Qxf3+ {[%clk 0:00:05]} 1-0

[Event "April 9 Early 2024"]
[Site "Chess.com"]
[Date "2024.04.09"]
[Round "1"]
[White "Kushch, Nikolai"]
[Black "Sowinski, Pawel"]
[Result "1-0"]
[Board "121"]
[WhiteFideId "14101092"]
[BlackFideId "21881979"]
[WhiteTitle "IM"]
[BlackTitle "FM"]
[WhiteElo "2448"]
[BlackElo "2783"]
[WhiteTeam "UKR"]
[BlackTeam "POL"]
[WhiteClock "0:01:11"]
[BlackClock "0:00:09"]
[Variant "Standard"]

1. Nf3 {[%clk 0:03:00]}  Nf6 {[%clk 0:02:59]} 2. c4 {[%clk 0:02:59]}  g6 {[%clk 0:02:55]} 3. b4 {[%clk 0:02:59]}  Bg7 {[%clk 0:02:56]} 4. Bb2 {[%clk 0:02:59]}  O-O {[%clk 0:02:56]} 5. d4 {[%clk 0:02:59]}  c6 {[%clk 0:02:47]} 6. e3 {[%clk 0:02:58]}  d5 {[%clk 0:02:45]} 7. Nbd2 {[%clk 0:02:58]}  Bf5 {[%clk 0:02:40]} 8. Be2 {[%clk 0:02:56]}  a5 {[%clk 0:02:40]} 9. b5 {[%clk 0:02:56]}  dxc4 {[%clk 0:02:40]} 10. Bxc4 {[%clk 0:02:51]}  a4 {[%clk 0:02:32]} 11. Ba3 {[%clk 0:02:49]}  cxb5 {[%clk 0:02:24]} 12. Bxb5 {[%clk 0:02:48]}  Qa5 {[%clk 0:02:20]} 13. Qe2 {[%clk 0:02:48]}  Ne4 {[%clk 0:02:19]} 14. Rc1 {[%clk 0:02:40]}  Bg4 {[%clk 0:01:55]} 15. Bxe7 {[%clk 0:02:25]}  Bxf3 {[%clk 0:01:53]} 16. gxf3 {[%clk 0:02:24]}  Nxd2 {[%clk 0:01:53]} 17. Qxd2 {[%clk 0:02:21]}  Qxb5 {[%clk 0:01:52]} 18. Bxf8 {[%clk 0:02:21]}  Bxf8 {[%clk 0:01:53]} 19. Qe2 {[%clk 0:02:15]}  Qa5+ {[%clk 0:01:50]} 20. Kf1 {[%clk 0:02:14]}  Nc6 {[%clk 0:01:50]} 21. h4 {[%clk 0:02:12]}  Nb4 {[%clk 0:01:46]} 22. h5 {[%clk 0:02:10]}  Qd5 {[%clk 0:01:46]} 23. a3 {[%clk 0:02:03]}  Nc6 {[%clk 0:01:45]} 24. Rc3 {[%clk 0:01:57]}  Na5 {[%clk 0:01:26]} 25. hxg6 {[%clk 0:01:56]}  hxg6 {[%clk 0:01:27]} 26. Rh3 {[%clk 0:01:47]}  Nb3 {[%clk 0:01:24]} 27. f4 {[%clk 0:01:41]}  Bxa3 {[%clk 0:01:19]} 28. Qg4 {[%clk 0:01:40]}  Be7 {[%clk 0:01:12]} 29. Rc8+ {[%clk 0:01:38]}  Rxc8 {[%clk 0:01:08]} 30. Qxc8+ {[%clk 0:01:38]}  Bf8 {[%clk 0:01:08]} 31. f5 {[%clk 0:01:23]}  Qd6 {[%clk 0:00:10]} 32. fxg6 {[%clk 0:01:19]}  fxg6 {[%clk 0:00:11]} 33. Qxb7 {[%clk 0:01:13]}  Nd2+ {[%clk 0:00:10]} 34. Ke2 {[%clk 0:01:12]}  Qb4 {[%clk 0:00:09]} 35. Qh7# {[%clk 0:01:11]} 1-0